00322 a2200121 4500020001500000022001800015082001200033100002000045245006200065260004800127300000900175500001600184 a8176490148 a9788176490146 a658.402 aParker,Glenn M. aTeam BuildingbA Sourcebook of ActivitiescGlenn M Parker aNew DelhibViva books Private limitedc1999 a202p aPaper cover